Deserts - Statistics

General Stats
  • This quiz has been taken 31 times
    29 since last reset
  • The average score is 6 of 15
Answer Stats
Hint Answer % Correct
Sand desert located in the middle of Africa Sahara
100%
Biggest polar desert Antarctica
81%
Country in the Kalahari starting with B Botswana
81%
Body of water in a desert Oasis
81%
Term for frozen drylands in northern countries Tundra
69%
Driest place on earth Atacama
58%
Israeli desert Negev
46%
Region inside of that desert Sahel
38%
Largest city located in drylands Cairo
23%
Region north of the above Maghreb
12%
Main Pakistani desert Thal
4%
Farthest point from any ocean Urumqi
4%
Deserted region of Ethiopia and Eritrea Afar
0%
Dry region of Kazakhstan Akmola
0%
Miny "desert" in the middle of Canada Prairie Provinces
0%
No matching quizzes found
Score Distribution
Percent of People with Each Score
Percentile by Number Answered
Your Score History
You have not taken this quiz since the last reset